|
|
|
|
| LEADER |
01628cam a2200445 a 4500 |
| 001 |
nkc20132446935 |
| 003 |
CZ PrNK |
| 005 |
20141103150842.0 |
| 007 |
ta |
| 008 |
130404s2013 xr a e p 000 0 cze d |
| 015 |
|
|
|a cnb002446935
|
| 020 |
|
|
|a 978-80-7333-097-2
|q (brož.)
|
| 035 |
|
|
|a (OCoLC)867818797
|
| 040 |
|
|
|a KLG001
|b cze
|d BOA001
|d OLA001
|
| 072 |
|
7 |
|a 519.1/.8
|x Kombinatorika. Teorie grafů. Matematická statistika. Operační výzkum. Matematické modelování
|2 Konspekt
|9 13
|
| 072 |
|
7 |
|a 37.016
|x Učební osnovy. Vyučovací předměty. Učebnice
|2 Konspekt
|9 22
|
| 080 |
|
|
|a 005.311.6
|2 MRF
|
| 080 |
|
|
|a 519.816
|2 MRF
|
| 080 |
|
|
|a (075)
|2 MRF
|
| 080 |
|
|
|a (076.5)
|2 MRF
|
| 100 |
1 |
|
|a Hebák, Petr,
|d 1940-2022
|7 jk01040466
|4 aut
|
| 245 |
1 |
0 |
|a Rozhodování při riziku /
|c Petr Hebák
|
| 250 |
|
|
|a Vyd. 1.
|
| 260 |
|
|
|a Praha :
|b Informatorium,
|c 2013
|
| 300 |
|
|
|a 101 s. :
|b il. ;
|c 30 cm
|
| 504 |
|
|
|a Obsahuje bibliografie
|
| 650 |
0 |
7 |
|a rozhodování
|7 ph125259
|2 czenas
|
| 650 |
0 |
7 |
|a teorie rozhodování
|7 ph126572
|2 czenas
|
| 650 |
0 |
9 |
|a decision making
|2 eczenas
|
| 650 |
0 |
9 |
|a decision theory
|2 eczenas
|
| 655 |
|
7 |
|a učebnice
|7 fd133770
|2 czenas
|
| 655 |
|
7 |
|a praktická cvičení
|7 fd133118
|2 czenas
|
| 655 |
|
9 |
|a textbooks
|2 eczenas
|
| 655 |
|
9 |
|a problems, exercises, etc
|2 eczenas
|
| 910 |
2 |
|
|a BOA001
|b 4-1314.171
|
| 990 |
|
|
|a BK
|
| 995 |
|
|
|a 01
|
| 991 |
|
|
|b 201312
|c NOV
|e n
|
| 996 |
6 |
|
|b 2610569213
|c 4-1314.171
|l MZK
|r Sklad / do 1 hodiny
|n 1
|p p.v.
|w 001381362
|u 000010
|a 1
|e BOA001
|j MZK50
|s P
|
| 996 |
7 |
|
|b 2610576404
|c 4-1314.171
|l MZK
|r Sklad / do 1 hodiny
|n 7
|p kup
|w 001381362
|u 000020
|a 1
|e BOA001
|j MZK50
|s A
|